000 00552nam a2200229Ia 4500
003 OSt
005 20221005123120.0
006 a|||||r|||| 00| 0
007 ta
008 221004b |||||||| |||| 00| 0 kan d
024 _a61203
037 _cTextual
040 _aCRL
_cCRL
_bkan
041 _2kan
_akan
082 _aO33,3NZ,16, J5
100 _aH R K Au.
_9633154
245 0 _aKoleya kai
260 _c1955
650 _aKANNAD FICTION
942 _hO33,3NZ,16, J5
_cTEXL
_2cc
999 _c1046410
_d1046410